[Event "7th Sinquefield Cup GCT 2019"]
[Site "Saint Louis"]
[Date "2019.08.27"]
[Round "10.4"]
[White "Carlsen, Magnus"]
[Black "So, Wesley"]
[Result "1-0"]
[WhiteElo "2882"]
[BlackElo "2776"]
[Annotator "TA"]
[PlyCount "85"]
[EventDate "2019.08.17"]
[EventType "tourn"]
[EventCountry "USA"]
[SourceTitle "playchess.com"]
[Source "ChessBase"]
[SourceQuality "1"]

{[%evp 14,85,10,8,15,10,19,13,6,0,5,8,10,6,8,12,4,4,15,0,14,0,-10,0,-7,0,28,31,31,31,43,10,13,12,35,33,32,32,62,62,66,68,68,72,65,66,79,79,79,79,181,185,181,181,193,159,317,293,377,334,366,372,354,340,357,193,193,193,193,200,193,140,1227,1170]} 1. e4 e5 2. Nf3 Nc6 3. Bc4 Bc5 4. O-O $146 ({Predecessor:} 4. c3 Nf6 5. d3 d6 6. O-O a6 7. a4 h6 8. Re1 O-O {1-0 (49) Vachier Lagrave,M (2779)-Karjakin,S (2773) Saint Louis 2018}) 4... Nf6 5. d3 O-O 6. c3 d6 7. h3 h6 8. Re1 a6 {C54: Giuoco Piano: 4 c3 Nf6, main lines with 5 d4 and 5 d3} 9. a4 a5 10. Nbd2 Be6 {The position is equal.} 11. Bb5 Na7 12. d4 Nxb5 13. dxc5 Na7 14. b3 Re8 15. cxd6 Qxd6 16. Ba3 c5 17. Nc4 Qxd1 18. Raxd1 Bxc4 19. bxc4 b6 20. Nh4 Rad8 21. f3 $1 g6 22. g3 Nh5 23. Kf2 Nc6 24. Bc1 Kg7 25. Be3 Rxd1 26. Rxd1 Rd8 27. Rb1 $1 {[%cal Rb1b6]} Rb8 28. Ng2 Nf6 29. Ke2 Ne8 30. Bf2 Nd6 31. Ne3 Ne7 (31... Rb7 $16) 32. Nd5 $18 Nxd5 33. cxd5 {[%mdl 4096] Endgame Threatens to win with Bxc5! KRB-KRN} Rb7 34. Kd3 f5 $2 {[#]} (34... c4+ $16 {was worth a try.} 35. Kd2 Nc8) 35. c4 $1 fxe4+ 36. fxe4 Rf7 37. Rxb6 Rxf2 38. Rxd6 {KR-KR} Rf3+ 39. Ke2 (39. Kd2 $142) 39... Rc3 {[#]} 40. Re6 $1 Rxc4 41. Rxe5 Rxa4 42. Re7+ (42. Kf3 $18) 42... Kf6 $2 {[%mdl 8192]} (42... Kf8 $16 43. Re6 Kf7) 43. d6 {Accuracy: White = 71%, Black = 48%.} 1-0

[Event "7th Sinquefield Cup GCT 2019"]
[Site "Saint Louis"]
[Date "2019.08.27"]
[Round "10.5"]
[White "Mamedyarov, Shakhriyar"]
[Black "Caruana, Fabiano"]
[Result "1/2-1/2"]
[WhiteElo "2764"]
[BlackElo "2818"]
[Annotator "TA"]
[PlyCount "74"]
[EventDate "2019.08.17"]
[EventType "tourn"]
[EventCountry "USA"]
[SourceTitle "playchess.com"]
[Source "ChessBase"]
[SourceQuality "1"]

{[%evp 13,74,0,0,0,0,0,0,0,0,0,0,0,0,0,0,0,57,34,30,42,28,0,0,-16,-7,-15,-18,-8,-14,-5,-18,-15,-28,-66,0,0,0,0,0,0,0,0,0,0,0,0,0,0,0,0,0,0,0,0,0,0,0,0,0,0,0,0,0]} 1. d4 Nf6 2. c4 e6 3. Nc3 Bb4 4. Qc2 O-O 5. e4 d5 6. e5 Ne4 7. Bd3 c5 8. Nf3 {E32: Nimzo-Indian: Classical (4 Qc2): 4...0-0} cxd4 9. Nxd4 Nd7 10. Bf4 Qh4 11. g3 Qh5 12. O-O g5 13. cxd5 Bxc3 14. bxc3 gxf4 (14... exd5 $11 15. Bxe4 dxe4) 15. dxe6 Nxe5 16. Bxe4 {[#]} Ng4 $146 {[%csl Gg4][%cal Rh5h2]} ({Predecessor:} 16... Bxe6) 17. exf7+ Rxf7 {[%csl Gg4][%cal Rh5h2]} 18. h4 fxg3 19. fxg3 {And now Qb3 would win.} Ne3 20. Qb3 $132 {[%mdl 2048] Hoping for Rf3. White is not keeping still} Nxf1 21. Rxf1 Kg7 22. Rxf7+ Qxf7 23. Qb4 Bh3 {[#]} (23... Kh8 $15) 24. Bf5 $1 $11 {[%mdl 512] The position is equal.} a5 (24... Bxf5 25. Nxf5+) 25. Qb5 Bxf5 26. Nxf5+ {[%mdl 4096] Endgame KQR-KQN} Kf6 {aiming for ...Qg6.} 27. Nh6 Qg6 28. Qb6+ Kg7 {[#]} 29. Nf5+ $1 {[%mdl 512]} Qxf5 30. Qxb7+ {[%mdl 64] Double Attack} Qf7 31. Qxa8 Qxa2 {KQ-KQ} 32. c4 Qb1+ 33. Kg2 Qc2+ 34. Kh3 Qf5+ 35. Kg2 Qc2+ {[%mdl 64] Double Attack} 36. Kh3 Qf5+ 37. Kg2 Qc2+ {[%mdl 64] Double Attack. Accuracy: White = 75%, Black = 88%.} 1/2-1/2

[Event "7th Sinquefield Cup GCT 2019"]
[Site "Saint Louis"]
[Date "2019.08.27"]
[Round "10.6"]
[White "Nakamura, Hikaru"]
[Black "Giri, Anish"]
[Result "1/2-1/2"]
[WhiteElo "2743"]
[BlackElo "2779"]
[Annotator "TA"]
[PlyCount "45"]
[EventDate "2019.08.17"]
[EventType "tourn"]
[EventCountry "USA"]
[SourceTitle "playchess.com"]
[Source "ChessBase"]
[SourceQuality "1"]

{[%evp 17,45,0,0,0,0,0,0,0,0,0,26,20,41,-12,0,-26,10,0,0,0,0,-17,20,17,21,-25,0,0,19,0]} 1. d4 Nf6 2. c4 e6 3. Nf3 d5 4. Nc3 Bb4 5. Bd2 O-O 6. e3 b6 7. cxd5 exd5 8. Bd3 Bb7 9. O-O Bd6 10. Rc1 {E52: Nimzo-Indian: Rubinstein: 4...0-0 5 Nf3 d5 6 Bd3 b6} c5 (10... a6 11. Ne5 c5 12. f4 Nc6 13. Ne2 Ne7 14. Be1 Ne4 15. Ng3 cxd4 16. exd4 b5 17. Kh1 f6 18. Ng4 Qd7 {0-1 (38) Duda,J (2717)-Zhigalko,S (2641) Katowice 2017}) 11. Ne5 Nc6 12. Ng4 Nxg4 13. Qxg4 c4 14. Bb1 $146 ({Predecessor:} 14. Bc2 g6 15. Qf3 Rb8 16. Bd1 a6 17. Nxd5 Nxd4 {½-½ (53) Zlatariu,M (2401)-Jensen,E (2502) ICCF email 2013}) 14... Ne7 15. Nb5 (15. Qh3 $14 f5 16. f3) 15... f5 $11 16. Qe2 (16. Qh3 {keeps more tension.} Bb8 17. f3 a6 18. Nc3 b5 19. Ne2) 16... a6 (16... Bb8 {is interesting.} 17. Bb4 Bc6 18. Qf3 a6 19. Nc3 b5) 17. Nxd6 Qxd6 18. f3 b5 19. Be1 Ng6 20. Ba5 Ne7 21. Be1 Ng6 22. Ba5 Ne7 23. Be1 {Accuracy: White = 52%, Black = 58%.} 1/2-1/2

[Event "7th Sinquefield Cup GCT 2019"]
[Site "Saint Louis"]
[Date "2019.08.28"]
[Round "11.2"]
[White "Vachier-Lagrave, Maxime"]
[Black "Carlsen, Magnus"]
[Result "0-1"]
[WhiteElo "2778"]
[BlackElo "2882"]
[Annotator "RC"]
[PlyCount "88"]
[EventDate "2019.08.17"]
[EventType "tourn"]
[EventCountry "USA"]
[SourceTitle "playchess.com"]
[Source "ChessBase"]
[SourceQuality "1"]
[TimeMode "Bronstein"]
[TimeControl "7800+30"]

1. e4 {[%emt 0:00:00]} c5 {[%emt 0:02:30]} 2. Nf3 {[%emt 0:00:00]} Nc6 {[%emt 0:00:30]} 3. Bb5 {[%emt 0:00:00]} g6 {[%emt 0:00:30]} 4. Bxc6 {[%emt 0:00:00]} bxc6 {[%emt 0:00:30]} 5. d4 {[%emt 0:00:00]} cxd4 {[%emt 0:00:30]} 6. Qxd4 {[%emt 0:00:00]} f6 {[%emt 0:00:30]} 7. O-O {[%emt 0:00:32]} d6 {[%emt 0:00:49]} 8. c4 {[%emt 0:00:30]} c5 {[%emt 0:02:15]} 9. Qd3 {[%emt 0:02:01]} Bg7 {[%emt 0:02:15]} 10. b3 {[%emt 0:04:11]} Nh6 {[%emt 0:04:37]} 11. Nc3 {[%emt 0:00:30]} Rb8 {[%emt 0:12:03]} 12. Bd2 {[%emt 0:04:46]} O-O {[%emt 0:02:04]} 13. Rae1 {[%emt 0:00:56]} Nf7 {[%emt 0:10:28]} 14. h4 {[%emt 0:08:12]} Rb7 {[%emt 0:07:05]} 15. h5 {[%emt 0:05:37]} g5 {[%emt 0:02:46]} 16. Nh2 {[%emt 0:00:30]} Ne5 {[%emt 0:01:55]} 17. Qg3 {[%emt 0:02:51]} Kh8 {[%emt 0:04:30]} 18. f4 {[%emt 0:04:21]} gxf4 {[%emt 0:00:30]} 19. Bxf4 {[%emt 0:00:30]} Rg8 {[%emt 0:00:30]} 20. Re3 {[%emt 0:04:08]} Nc6 {[%emt 0:08:35]} 21. Qf2 {[%emt 0:02:48]} f5 {[%emt 0:07:22]} 22. Nf3 {[%emt 0:02:20]} Bxc3 {[%emt 0:02:25]} 23. Rxc3 {[%emt 0:00:30]} e5 {[%emt 0:00:30]} 24. Rd3 {[%emt 0:03:20]} exf4 {[%emt 0:21:21]} 25. Qb2+ {[%emt 0:00:30]} Rbg7 {[%emt 0:00:30]} 26. h6 {[%emt 0:00:30]} fxe4 {[%emt 0:00:30]} 27. Rd2 {[%emt 0:00:50]} exf3 {[%emt 0:09:02]} 28. hxg7+ {[%emt 0:00:30]} Rxg7 {[%emt 0:00:30]} 29. Rxf3 {[%emt 0:00:30]} Qg5 {[%emt 0:01:25]} 30. Rdf2 {[%emt 0:00:30]} Nd4 {[%emt 0:00:30]} 31. Rxf4 {[%emt 0:00:30]} Bf5 {[%emt 0:00:42]} 32. b4 {[%emt 0:01:12]} Be6 {[%emt 0:00:49]} 33. Rf8+ {[%emt 0:04:49]} Bg8 {[%emt 0:01:16]} 34. bxc5 {[%emt 0:01:52]} dxc5 {[%emt 0:00:30]} 35. Qb8 {[%emt 0:01:51]} Qe3 {[%emt 0:01:16]} 36. Qd6 {[%emt 0:00:36]} Qc1+ {[%emt 0:03:53]} 37. Kh2 {[%emt 0:03:14]} Qg5 {[%emt 0:00:30]} 38. Qd5 {[%emt 0:08:25]} Qh4+ {[%emt 0:03:11]} 39. Kg1 {[%emt 0:00:30]} Qe7 {[%emt 0:00:30]} 40. Qh5 {[%emt 0:08:30]} Qe3 {[%emt 0:02:33]} 41. Qh4 {[%emt 0:02:32]} Ne2+ {[%emt 0:00:52]} 42. Kh1 {[%emt 0:00:30]} Qc1+ {[%emt 0:00:35]} 43. Rf1 {[%emt 0:00:30]} Ng3+ {[%emt 0:00:30]} 44. Kg1 {[%emt 0:00:30]} Qe3+ {[%emt 0:00:30]} 0-1

[Event "7th Sinquefield Cup GCT 2019"]
[Site "Saint Louis"]
[Date "2019.08.28"]
[Round "11.3"]
[White "Caruana, Fabiano"]
[Black "Karjakin, Sergey"]
[Result "1/2-1/2"]
[WhiteElo "2818"]
[BlackElo "2750"]
[Annotator "TA"]
[PlyCount "103"]
[EventDate "2019.08.17"]
[EventType "tourn"]
[EventCountry "USA"]
[SourceTitle "playchess.com"]
[Source "ChessBase"]
[SourceQuality "1"]

{[%evp 14,103,0,0,7,0,0,0,0,-11,6,-7,-10,0,-18,-3,-2,-3,-18,-11,-13,-17,-16,0,0,-42,-55,-37,-43,-99,-94,-88,-39,-37,-37,-38,-40,-40,-42,-40,-40,-52,-46,-77,-60,-107,-70,-105,-94,-100,-89,-96,-96,-112,-94,-106,-72,-89,-57,-56,-55,-62,-60,-65,-48,-62,-37,-39,-28,-31,-8,-16,-8,-15,-8,-8,-8,-12,0,0,0,0,0,0,0,0,0,0,0,0,0,0]} 1. c4 Nf6 2. Nc3 e5 3. Nf3 Nc6 4. g3 Bb4 5. Nd5 Bc5 6. Bg2 d6 7. O-O O-O 8. e3 Re8 {A29: English Opening: Four Knights Variation with 4 g3} (8... Bb6 9. Nxb6 axb6 10. b3 Bf5 11. d3 Qd7 12. Nh4 Bh3 13. e4 Bxg2 14. Kxg2 Nd4 15. Be3 b5 16. Bxd4 exd4 17. cxb5 Qxb5 {1-0 (35) Carlsen,M (2835)-Duda,J (2738) St Petersburg 2018}) 9. b3 Bg4 $146 {[#] Strongly threatening ...e4.} ({Predecessor:} 9... Nxd5 10. cxd5 Ne7 11. d4 exd4 12. Nxd4 a5 13. Bb2 Bd7 14. a3 Qc8 15. Qd3 Bh3 {1-0 (48) Meskovs,N (2495)-Antoms,G (2349) Liepaja 2017}) 10. h3 Bh5 {Threatens to win with ...e4.} 11. d3 a5 12. a3 Nxd5 13. cxd5 Ne7 14. g4 Bg6 15. d4 Bb6 16. dxe5 Be4 17. e6 fxe6 18. dxe6 Ng6 19. h4 Qf6 {[%mdl 64] [#] Double Attack} 20. Ra2 Rf8 {[%cal Re4f3]} 21. e7 ({White should play} 21. h5 $15) 21... Rf7 $17 {[%cal Re4f3]} 22. h5 Bxf3 (22... Nxe7 {is interesting.} 23. Ne1 Qe6 24. Bxe4 Qxe4 25. Rc2 Raf8) 23. Bxf3 Qxf3 24. hxg6 hxg6 25. Qxf3 Rxf3 26. Kg2 Rf7 27. e4 Rxe7 28. Re2 Kf7 29. Bb2 Rh8 30. f4 Ree8 31. f5 gxf5 32. Rxf5+ Kg6 33. Bc1 Rh4 34. Rg5+ Kh7 (34... Kf6 {keeps more tension.} 35. Bf4 g6 36. Rb5 Rxg4+ 37. Kf3 Rg1) 35. Bd2 c5 36. Be1 Rh6 37. Bg3 Rhe6 38. Kf3 Bd8 39. Rd5 Be7 40. a4 Kg6 41. e5 Rf8+ 42. Kg2 {The position is equal.} Rc8 43. Kf3 {[%cal Re5d6]} dxe5 44. Rexe5 Rxe5 45. Bxe5 $11 {[%mdl 4096] Endgame KRB-KRB} Bf6 46. Bf4 c4 47. bxc4 Rxc4 48. Rxa5 Rc3+ 49. Ke4 Rc4+ 50. Kf3 Rc3+ 51. Ke4 Rc4+ 52. Kf3 {Accuracy: White = 70%, Black = 49%.} 1/2-1/2

[Event "7th Sinquefield Cup GCT 2019"]
[Site "Saint Louis"]
[Date "2019.08.28"]
[Round "11.4"]
[White "Anand, Viswanathan"]
[Black "Nakamura, Hikaru"]
[Result "1/2-1/2"]
[WhiteElo "2756"]
[BlackElo "2743"]
[Annotator "TA"]
[PlyCount "52"]
[EventDate "2019.08.17"]
[EventType "tourn"]
[EventCountry "USA"]
[SourceTitle "playchess.com"]
[Source "ChessBase"]
[SourceQuality "1"]

{[%evp 18,52,14,7,18,18,20,14,8,0,7,0,0,0,12,8,24,14,9,0,8,0,25,6,13,15,27,0,0,0,0,0,0,0,0,0,0]} 1. e4 e5 2. Nf3 Nc6 3. Bb5 Nf6 4. O-O Nxe4 5. d4 Nd6 6. Bxc6 dxc6 7. dxe5 Nf5 8. Qxd8+ Kxd8 9. h3 Ke8 10. Nc3 h5 {C67: Ruy Lopez: Berlin Defence: 4 0-0 Nxe4} 11. Bg5 (11. Ne2 b6 12. Bg5 c5 13. Nc3 Bb7 14. Rfd1 Bxf3 15. gxf3 c6 16. Rd3 Be7 17. Ne4 Rd8 18. Rad1 Rxd3 19. Rxd3 Bxg5 20. Nxg5 {½-½ (33) Vachier Lagrave,M (2781)-Nakamura,H (2746) London 2018}) 11... Be6 12. Rfd1 Be7 13. Rd2 Rd8 {[#] ...Bxg5 is the strong threat.} 14. Rxd8+ Kxd8 15. Rd1+ Ke8 16. b3 h4 17. Ne2 (17. Kf1 Rh5 18. Bc1 {½-½ (32) Anand,V (2773)-Nakamura,H (2746) Kolkata 2018}) 17... Bd5 {[#]} 18. Bf4 $146 ({Predecessor:} 18. Bxe7 Kxe7 {½-½ (55) Zhigalko,S (2661)-Swiercz,D (2633) Denizli 2013}) 18... Bxf3 19. gxf3 g6 20. Bc1 Ng7 21. Kg2 Ne6 22. Nd4 Kd7 {The position is equal.} 23. Nf5+ Ke8 24. Nd4 Kd7 25. Nf5+ Ke8 26. Nd4 Kd7 {Accuracy: White = 45%, Black = 38%.} 1/2-1/2

[Event "7th Sinquefield Cup GCT 2019"]
[Site "Saint Louis"]
[Date "2019.08.28"]
[Round "11.5"]
[White "Giri, Anish"]
[Black "Nepomniachtchi, Ian"]
[Result "1-0"]
[WhiteElo "2779"]
[BlackElo "2774"]
[Annotator "TA"]
[PlyCount "153"]
[EventDate "2019.08.17"]
[EventType "tourn"]
[EventCountry "USA"]
[SourceTitle "playchess.com"]
[Source "ChessBase"]
[SourceQuality "1"]

{[%evp 10,153,14,17,21,16,18,12,22,3,30,12,15,13,12,7,12,0,14,12,3,0,0,0,8,0,16,0,0,-3,-8,-11,17,22,22,25,16,5,10,7,4,2,9,5,27,25,36,36,35,38,67,67,68,68,89,89,89,60,87,87,87,52,79,79,87,65,87,87,87,87,87,87,87,87,87,87,87,87,87,87,87,87,87,87,87,87,87,87,87,87,87,87,87,87,87,87,87,87,87,87,87,87,87,87,87,0,87,87,87,87,87,0,87,87,87,0,8,8,8,8,8,8,8,8,8,8,8,8,8,8,8,8,8,8,10,10,656,620,594,580,5308,3316,1545,1385,4618,4606]} 1. d4 Nf6 2. c4 g6 3. Nc3 d5 4. Bf4 Bg7 5. e3 O-O 6. Rc1 Be6 {D83: Grünfeld: 4 Bf4 Bg7 5 e3 0-0} 7. c5 (7. cxd5 Nxd5 8. Nxd5 Bxd5 9. Bxc7 Qd7 10. Nf3 Nc6 11. Bg3 Rac8 12. Bb5 a6 13. Bxc6 Rxc6 14. b3 Rxc1 15. Qxc1 {½-½ (28) So,W (2780)-Wei,Y (2729) chess.com INT 2018}) 7... c6 8. Bd3 b6 {The position is equal.} 9. Na4 $146 ({Predecessor:} 9. b4 a5 10. a3 axb4 11. axb4 Na6 12. Bxa6 Rxa6 13. Nf3 bxc5 14. bxc5 {1-0 (44) Zhao,X (2567)-Bok,B (2560) Wijk aan Zee 2014}) 9... Nfd7 (9... Bg4 $5 {[%cal Rg4d1]} 10. f3 Bc8 $11) 10. h3 bxc5 11. Nxc5 Nxc5 12. Rxc5 Qb6 13. Qc2 Rc8 14. Nf3 Nd7 15. Rc3 c5 16. O-O c4 17. b3 {[%cal Rb3c4]} Nc5 {[%mdl 64] Pin} 18. bxc4 Nxd3 19. c5 {[#]} Nxc5 $1 {[%mdl 512]} 20. dxc5 (20. Rxc5 Bf5) 20... Qa5 21. Nd4 Bd7 22. c6 {Rc5 is the strong threat.} Be8 23. Rc5 Qa6 {And now ...e5 would win.} 24. Rxd5 {Strongly threatening c7.} Bxc6 25. Nxc6 Rxc6 26. Qd2 $36 {[%mdl 2048] White fights for an advantage.} Bc3 27. Rd8+ Rxd8 28. Qxd8+ {[%mdl 64] Double Attack} Kg7 29. Qxe7 Bf6 30. Be5 Qxa2 31. Ra1 Qe6 32. Bxf6+ Qxf6 33. Qxa7 $16 {[%mdl 4096] Endgame KQR-KQR} Rc2 34. Rf1 $1 h5 35. Qb7 Rb2 36. Qd5 Re2 37. Qf3 (37. g3 {seems wilder.} Rb2 38. Qc4 Kh7 39. Kg2 Qf5 40. Qd4) 37... Qxf3 38. gxf3 $14 {KR-KR} Ra2 39. Rd1 Ra5 40. Kg2 Rg5+ 41. Kh2 Rf5 {[#]} 42. f4 $1 Ra5 43. Kg3 Ra2 44. Rd5 f5 45. Kf3 Kf6 46. Rd6+ Kg7 47. Rd1 Kf6 48. Re1 Rb2 49. Re2 Rb1 50. Kg3 Rg1+ {[#]} 51. Kh2 $1 {[%cal Rh2g1]} Ra1 52. Rb2 Rc1 53. Ra2 Rb1 54. Kg2 Re1 55. Rb2 Kg7 56. Kf3 Kf6 57. Re2 (57. Rb5 $16) 57... Rg1 (57... Rb1 $1 $11) 58. Rd2 Re1 59. Kg2 Kg7 60. Ra2 Kf6 $1 61. Ra3 Kf7 62. f3 (62. Rb3 $16) 62... Re2+ 63. Kg3 Kf6 64. Kh4 Re1 65. Ra6+ Kf7 66. Kg5 {Black should prevent Rf6+.} Rg1+ $1 67. Kh6 {Threatening h4.} Rg3 68. Ra7+ Kf6 $1 69. e4 {aiming for e5+.} Rxf3 70. e5+ Ke6 71. Ra6+ Ke7 72. Ra4 Rg3 $2 {[%mdl 8192]} (72... Kf7 $11) 73. Ra7+ $18 {White is clearly winning.} Ke6 74. Ra6+ Kf7 75. Rf6+ Ke7 76. Rxg6 Rxh3 77. Kg5 {Accuracy: White = 73%, Black = 59%.} 1-0

[Event "7th Sinquefield Cup GCT 2019"]
[Site "Saint Louis"]
[Date "2019.08.28"]
[Round "11.6"]
[White "So, Wesley"]
[Black "Aronian, Levon"]
[Result "1/2-1/2"]
[WhiteElo "2776"]
[BlackElo "2765"]
[Annotator "TA"]
[PlyCount "70"]
[EventDate "2019.08.17"]
[EventType "tourn"]
[EventCountry "USA"]
[SourceTitle "playchess.com"]
[Source "ChessBase"]
[SourceQuality "1"]

{[%evp 21,70,14,17,17,44,17,16,15,14,22,12,0,0,0,11,14,19,11,14,15,25,25,25,25,31,31,31,31,31,31,31,31,31,31,31,31,31,31,31,31,31,31,31,31,31,0,31,31,31,0,31]} 1. d4 Nf6 2. c4 e6 3. Nf3 d5 4. g3 Be7 5. Bg2 O-O 6. O-O dxc4 7. Ne5 Nc6 8. Bxc6 bxc6 9. Nxc6 Qe8 10. Nxe7+ Qxe7 11. Qa4 e5 12. dxe5 {E05: Open Catalan: 5 Nf3 Be7} Qxe5 13. Nc3 Ne4 14. Qxc4 Nxc3 15. bxc3 Be6 16. Bf4 Bxc4 17. Bxe5 {[#]} Rfe8 $146 ({Predecessor:} 17... c6 18. Rfe1 Rfe8 19. Bd4 Bxe2 {½-½ (28) Meier,G (2628)-Giri,A (2782) Dortmund 2018}) 18. Bxc7 Rxe2 19. a4 Rc8 20. Bf4 Rc2 21. Rfc1 Rxc1+ 22. Rxc1 $11 {[%mdl 4096] Endgame KRB-KRB} a5 23. Rb1 f6 24. Rb8 Rxb8 25. Bxb8 $14 {KB-KB} Bb3 26. Bc7 Bxa4 27. Bxa5 Kf7 28. f3 Ke6 29. Kf2 Kd5 30. Bb6 g6 31. Bd4 f5 32. Bh8 Bb5 33. Bd4 Ba4 34. Bg7 Bb5 35. Bd4 Ba4 {Accuracy: White = 62%, Black = 75%.} 1/2-1/2

[Event "7th Sinquefield Cup GCT 2019"]
[Site "Saint Louis"]
[Date "2019.08.29"]
[Round "12.1"]
[White "Carlsen, Magnus"]
[Black "Ding, Liren"]
[Result "1/2-1/2"]
[WhiteElo "2882"]
[BlackElo "2805"]
[Annotator "TA"]
[PlyCount "68"]
[EventDate "2019.08.17"]
[EventType "tourn"]
[EventCountry "USA"]
[SourceTitle "playchess.com"]
[Source "ChessBase"]
[SourceQuality "1"]

{[%evp 9,68,8,1,-7,0,14,11,0,12,19,23,2,14,-11,-7,-10,-16,-29,-27,-29,-33,-56,-12,-14,-9,-46,-47,-46,-47,-60,-62,-70,-61,-65,-60,-71,-52,-69,-66,-62,-52,-68,-24,-24,-26,-98,-98,-98,-98,-98,-98,-98,-98,-98,-98,-98,0,-98,0,-98,0]} 1. d4 Nf6 2. c4 e6 3. Nf3 d5 4. Nc3 c6 5. g3 dxc4 6. Ne5 {E01: Catalan: Early deviations} Nbd7 7. Nxc4 b5 8. Ne5 {The position is equal.} Nxe5 9. dxe5 Qxd1+ 10. Kxd1 Nd5 11. Ne4 Bb7 $146 {[%mdl 2048] Black is pushing.} ({Predecessor:} 11... f5 12. Nd2 Bb7 13. e4 Nb6 {½-½ (57) Rakhmanov,A (2629)-Timofeev,A (2602) Sochi 2019}) 12. Bg2 c5 13. Bd2 Be7 14. Rc1 c4 15. Kc2 O-O-O 16. Rhd1 f5 17. Nd6+ Bxd6 18. exd6 Rxd6 19. Bxd5 exd5 20. Bc3 Re8 21. e3 g5 22. Rd4 Re4 23. Rh1 Rh6 24. h4 Kd7 25. a3 g4 26. Rxe4 fxe4 $11 {[%mdl 4096] Endgame KRB-KRB} 27. b4 (27. h5 $11 {remains equal.}) 27... Ra6 28. Kb2 h5 29. Rd1 Ke6 30. Rd2 Bc6 31. Bd4 Be8 32. Bc3 Bc6 33. Bd4 $1 Be8 34. Bc3 $1 Bc6 {Accuracy: White = 66%, Black = 63%.} ({Black should play} 34... Kd6 $17) 1/2-1/2

[Event "7th Sinquefield Cup GCT 2019"]
[Site "Saint Louis"]
[Date "2019.08.29"]
[Round "15.1"]
[White "Carlsen, Magnus"]
[Black "Ding, Liren"]
[Result "0-1"]
[WhiteElo "2882"]
[BlackElo "2805"]
[Annotator "TA"]
[PlyCount "80"]
[EventDate "2019.08.17"]
[EventType "tourn"]
[EventCountry "USA"]
[SourceTitle "playchess.com"]
[Source "ChessBase"]
[SourceQuality "1"]

{[%evp 14,80,22,14,20,22,18,4,22,15,29,16,0,0,0,0,14,0,0,0,0,-30,-29,-47,-42,-23,-21,-29,-11,-38,-24,-27,-15,-37,-10,-18,0,0,-16,-16,0,0,-4,-31,0,0,0,0,0,0,0,-10,-14,-159,-182,-292,-272,-295,-75,-84,-84,-84,-81,-82,-72,-598,-591,-1036,-1030]} 1. e4 e5 2. Nf3 Nc6 3. Bb5 a6 4. Ba4 Nf6 5. O-O Be7 6. d3 b5 7. Bb3 d6 8. c3 Na5 {C84: Closed Ruy Lopez: Unusual White 6th moves} (8... O-O 9. Re1 Na5 10. Bc2 c5 11. d4 Qc7 12. h3 cxd4 13. cxd4 Be6 14. Nbd2 Rac8 15. Bd3 Nc6 16. a3 exd4 17. Nf1 Rfe8 18. Ng3 g6 {0-1 (48) Karjakin,S (2753)-Postny,E (2615) St Petersburg 2018}) (8... O-O 9. Re1 Na5 10. Bc2 c5 11. Nbd2 Re8 12. Nf1 Nc6 13. Ne3 Bf8 14. a4 b4 15. Nd5 h6 16. a5 Nxd5 17. exd5 Nxa5 18. Ba4 Re7 19. Nd2 Rb8 20. c4 Nb7 21. Ne4 f5 22. Ng3 {1-0 (43) Carlsen,M (2837)-Ding,L (2774) Saint Louis 2017}) 9. Bc2 c5 10. d4 cxd4 {The position is equal.} 11. cxd4 O-O 12. h3 Re8 $146 ({Predecessor:} 12... exd4 13. Nxd4 Bb7 14. Re1 Rc8 15. Nf5 Rc7 16. Bf4 {½-½ (25) Flach,H (1794)-Ehmann,J (1748) Willingen 2017}) 13. d5 Bd7 14. Nc3 Qb8 15. Bd3 Rc8 16. Ne2 Nb7 {[%cal Ba5b7,Bb7c5,Bc5d3][%mdl 32]} 17. g4 Nc5 18. Ng3 Nxd3 19. Qxd3 b4 20. Re1 Qb5 21. Qd1 Rc7 22. Be3 Rac8 23. Nd2 g6 24. b3 Qb7 25. Nc4 Bb5 26. Na5 Qb8 27. Qd2 Rc3 $36 {[%mdl 2048] Black has the initiative.} 28. a3 bxa3 {[#]} 29. Nc6 $1 {[%mdl 512] [#]} Bxc6 $1 {[%mdl 512]} 30. Qxc3 (30. dxc6 Qxb3) 30... Bxd5 $1 31. Qa5 Bxe4 ({But not} 31... Bxb3 $6 32. Reb1 $16) 32. g5 Ba8 33. Qxa6 (33. gxf6 $11 Qb7 34. Kf1 Qg2+ 35. Ke2 Qf3+ 36. Kf1 Qg2+ 37. Ke2) 33... Nd5 $17 34. Ba7 (34. Bd2 $142) 34... Qc7 $19 {aiming for ...Nb4.} 35. Rec1 Qxc1+ $2 (35... Bc6 $19 {has better winning chances. Hoping for ...Qd7.} 36. Rxc6 Qxc6 37. Qxc6 Rxc6 38. Rxa3 Bxg5) 36. Rxc1 $17 Rxc1+ 37. Kh2 Bc6 38. Qxa3 Bxg5 {White must now prevent ...Bf4.} 39. Qxd6 $2 {[%mdl 8192] [#]} (39. Ne2 $17 {lives longer.} Re1 40. Qxd6) 39... Bf4 $1 $19 40. Bc5 {[%csl Gc5][%cal Rd6f8] [#]} Ne7 $1 {[%mdl 512] Accuracy: White = 49%, Black = 57%.} 0-1